000 00681nam a2200229 a 4500
001 10940
003 CO-ViMGA
008 141112s2004 ck r 000 u spa d
020 _a968676741X
040 _aCO-ViMGA
_bspa
_cCO-ViMGA
082 0 4 _aCo861.08 T15t
100 1 _aLuque Muñoz, Henry
245 1 0 _aTambor en la sombra :
_bPoesía colombiana del siglo XX
250 _a1
260 _aSan Luis Potosi,
_cEd. Ponciano Arriaga,
_c1996
300 _a494 p.
650 1 4 _aEMOCIONES - POESIA
_915030
650 1 4 _aNOSTALGIA - POESIA
_915031
650 1 4 _aPOESIA AMOROSA COLOMBIANA
_915032
650 1 4 _aPOESIA COLOMBIANA - COLECCIONES DE ESCRITOS
_915033
942 _2ddc
_cBK
999 _c22159
_d22159